00281nam a2200109Ia 4500008004100000245005500041260002200096440000600118521002300124942000700147999001700154140130s9999 xx 000 0 und d cDavis, KennethaDon't know much about the pioneers bScholastic,c2003 v1 aGrade 7 - Grade 12 cBK c41352d41352